00630nam a2200181 a 450000100100000000500170001000800410002704000250006810000420009324500720013526000400020730000200024749000210026783000290028804900090031795201050032699900170043100003430120200930073628.0111003s2009 es 000 0 spa d aDO-SdBNPbspacBNPHU1 aMartínez Álvarez, Santiago95973110aHumor, amor y luz :bhoy y aquí /cSantiago Martínez Álvarez. aLeón :bGrupo Literario Guadiana. a45 p. ;c25 cm.1 abiográficav20 0abibliográficav209112 aBNPD 001050718MOaGRbGRcCTd2011-10-03iLF1l0o p34301-10r2020-06-25w2020-06-25y1ZNo se presta c33792d33792